LEADER 00911nam0-22003131i-450- 001 990001874660403321 005 20080624110952.0 035 $a000187466 035 $aFED01000187466 035 $a(Aleph)000187466FED01 035 $a000187466 100 $a20030910d1918----km-y0itay50------ba 101 0 $aita 102 $aIT 105 $ay-------001yy 200 1 $aFerrovie secondarie - trasporti e comunicazioni$fGiuseppe Genuardi 210 $aPalermo$cGiannitrapani$d1918 215 $a33 p.$d23 cm 300 $aEstr. da: Congresso agrario sicilinao, Palermo, 8-10 settembre 1918 610 0 $aFerrovie 676 $a625 700 1$aGenuardi,$bGiuseppe$0358655 801 0$aIT$bUNINA$gRICA$2UNIMARC 901 $aBK 912 $a990001874660403321 952 $a60 MISC. B 159/15$fFAGBC 959 $aFAGBC 996 $aFerrovie secondarie - trasporti e comunicazioni$9400570 997 $aUNINA LEADER 00961nam0-22002891i-450- 001 990005096890403321 005 19990530 035 $a000509689 035 $aFED01000509689 035 $a(Aleph)000509689FED01 035 $a000509689 100 $a19990530g19369999km-y0itay50------ba 101 0 $aita 105 $af-------00--- 200 1 $aHenri Cernuschi$ePatriote - financier - philantrope - apotre du bimètallisme$eSa vie, Sa doctrine, Ses oeuvres$fGiuseppe Leti$gprèface par Edward Tuck$gtraduit de l'italien par Louis Lachat 210 $aParis$cLes Presses Universitaires de France$d1936. 215 $a293 p., [2] tav.$d22 cm 700 1$aLeti,$bGiuseppe$f<1867-1939>$066484 702 1$aLachat,$bLouis 702 1$aTuck,$bEdward 801 0$aIT$bUNINA$gRICA$2UNIMARC 901 $aBK 912 $a990005096890403321 952 $a4/III 12$bR.Bibl. 15.047$fFLFBC 959 $aFLFBC 996 $aHenri Cernuschi$9535853 997 $aUNINA LEADER 01121nam--2200373---450- 001 990002976150203316 005 20091112170139.0 010 $a1-57105-365-4 035 $a000297615 035 $aUSA01000297615 035 $a(ALEPH)000297615USA01 035 $a000297615 100 $a20070924d2006----km-y0itay50------ba 101 $aeng 102 $aUS 105 $a||||||||001yy 200 1 $aCorporal Punishment of Children$ea human rights violation$fSusan H. Bitensky 210 $aArdsley$cTransnational Publishers$d2006 215 $aXXVI, 398 p.$d24 cm 410 0$12001 454 1$12001 461 1$1001-------$12001 606 0 $aMinori$xTutela$xLegislazione 676 $a341.48572 700 1$aBITENSKY,$bSusan H.$0598374 801 0$aIT$bsalbc$gISBD 912 $a990002976150203316 951 $aXXIII.1.H. 507 (IG VIII ING 1208)$b54957 G.$cXXIII.1.H. 507 (IG VIII ING)$d00160636 959 $aBK 969 $aGIU 979 $aFIORELLA$b90$c20070924$lUSA01$h1020 979 $aRSIAV5$b90$c20091112$lUSA01$h1701 996 $aCorporal Punishment of Children$91027551 997 $aUNISA